Statistics for Empty Start - A Tale from Arabian Nights

Click here to take the quiz!

General Stats

  • This quiz has been taken 48 times
    (42 since last reset)
  • The average score is 250 of 641

Answer Stats

WORD% Correct
a
97%
O
86%
the
84%
I
81%
"I
81%
and,
68%
and
68%
---And
68%
on
68%
purse
68%
purse."
68%
purse,
68%
he
65%
"He
65%
he,
65%
-She
65%
"She
65%
she,
65%
She
65%
she
65%
"We
62%
you
62%
it."
59%
it
59%
It
59%
They
57%
they
57%
to
57%
her
54%
her,
54%
her.
54%
said,
54%
Said
54%
said
54%
"What
54%
in
51%
no
51%
of
51%
once
51%
one
51%
be
49%
for
49%
me,
49%
me
49%
me;"
49%
me."
49%
or
49%
so
49%
So
49%
"So
49%
time
49%
"Was
49%
was
49%
went
49%
when
49%
When
49%
who,
49%
(who
49%
who
49%
will
49%
his
46%
see
46%
upon
46%
"Why
46%
ye
46%
but
43%
But
43%
say?"
43%
say
43%
say.
43%
that
43%
Then
43%
"Then
43%
took
43%
as
41%
at
41%
how
41%
Night
41%
take
41%
their
41%
this
41%
were
41%
woman?";
41%
woman
41%
all
38%
day
38%
gave
38%
give
38%
"Give
38%
him,
38%
him
38%
him)
38%
him,"
38%
"Not
38%
not
38%
with
38%
could.
35%
could
35%
have
35%
my
35%
tell
35%
told
35%
"Yes."
35%
your
35%
boy,
32%
boy
32%
come
32%
come,
32%
gold
32%
had
32%
should
32%
them
32%
thou
32%
us
32%
back
30%
came
30%
our
30%
three
30%
way
30%
ask
27%
Four
27%
hear
27%
out
27%
over
27%
thee."
27%
thee,
27%
thee
27%
four
24%
King,
24%
left
24%
thy
24%
year-
24%
asked
22%
fast
22%
good
22%
off
22%
old
22%
about
19%
after
19%
answer,
19%
answer
19%
because
19%
bring
19%
called
19%
five-
19%
heard
19%
Six
19%
which
19%
answered,
16%
Answered
16%
beautiful
16%
before
16%
buy
16%
hands
16%
let
16%
Let
16%
"Let
16%
make
16%
only
16%
silver
16%
water.
16%
without
16%
between
14%
care
14%
happened
14%
hast
14%
Hundred
14%
made
14%
met
14%
mother?"
14%
shalt
14%
thus
14%
whom
14%
another,
11%
ate
11%
named
11%
others
11%
others,
11%
pieces;
11%
save
11%
thousand
11%
agreed
8%
agreed."
8%
contemning
8%
free
8%
keep
8%
laid
8%
owned
8%
person
8%
quest
8%
question
8%
"Return
8%
saying,
8%
saying
8%
second
8%
third
8%
third,
8%
together
8%
words
8%
age,
5%
claim
5%
common
5%
companions
5%
comrade
5%
consent,
5%
dawn
5%
demand
5%
drank
5%
earth;
5%
except
5%
forth,
5%
garden,
5%
garden-
5%
garden;
5%
hath
5%
hindrance.
5%
last,
5%
laying
5%
meant
5%
"Mind
5%
myself
5%
present
5%
present.
5%
"Quoth
5%
Quoth
5%
same
5%
strolled
5%
wash
5%
wilt
5%
accosting
3%
acquit
3%
ails
3%
arose
3%
auspicious
3%
authorized
3%
awhile
3%
belike
3%
bid
3%
bound
3%
buffeted
3%
care-taker
3%
care-taker,
3%
ceased
3%
comb."
3%
comb.
3%
comb
3%
comb?"
3%
comb;"
3%
condemned
3%
condition
3%
confounded
3%
counselled;
3%
debtors
3%
demanded
3%
difficulty.
3%
dirham
3%
entered
3%
faces
3%
fellow,
3%
fellows
3%
forgetting
3%
fuller's-
3%
haled
3%
heads
3%
Kazi,
3%
Kazi
3%
keeper;
3%
keeper
3%
knowing
3%
lack
3%
mayst
3%
merchandise
3%
merchants,
3%
merchants
3%
merry,
3%
mingled
3%
naught
3%
passed,
3%
perceived
3%
permitted
3%
Presently
3%
reached
3%
rejoined,
3%
related
3%
repeated
3%
running
3%
scented
3%
scot-
3%
seeing
3%
seized
3%
set
3%
Shahrazad
3%
Sixth
3%
sundry
3%
sweetmeats
3%
tender
3%
Thereupon
3%
therewith.
3%
therewith
3%
thinking
3%
thyself.
3%
till,
3%
troubled,
3%
until
3%
waiting,
3%
walks
3%
wary
3%
wended
3%
whilst
3%
withal
3%

Score Distribution

Percentile by Number Answered

Percent of People with Each Score

Your Score History

You have not taken this quiz since the last reset